Tiền cổ Việt Nam
Giới thiệu về việc nghiên cứu tiền cổ Việt Nam; tiền cổ thời Lí- Trần; tiền cổ thời Hồ, tiền cổ thời Lê Sơ,.. Đề cập đến đơn vị tiền, đúc tiền; tiền cổ và nền kinh tế hàng hóa.
Đã lưu trong:
| Tác giả chính: | |
|---|---|
| Định dạng: | Sách |
| Năm xuất bản: |
H.
Khoa học xã hội
1992
|
| Chủ đề: | |
| Tags: |
Thêm thẻ
Không có thẻ, Hãy là người đầu tiên gắn thẻ bản ghi này!
|
| LEADER | 01035nam a2200193 4500 | ||
|---|---|---|---|
| 082 | |a 332.49597 |b Đ450V | ||
| 100 | |a Đỗ Văn Ninh | ||
| 245 | |a Tiền cổ Việt Nam |c Đỗ Văn Ninh | ||
| 260 | |a H. |b Khoa học xã hội |c 1992 | ||
| 300 | |a 312tr. |c 21cm | ||
| 520 | |a Giới thiệu về việc nghiên cứu tiền cổ Việt Nam; tiền cổ thời Lí- Trần; tiền cổ thời Hồ, tiền cổ thời Lê Sơ,.. Đề cập đến đơn vị tiền, đúc tiền; tiền cổ và nền kinh tế hàng hóa. | ||
| 653 | |a Kinh tế | ||
| 653 | |a Tiền | ||
| 653 | |a Việt Nam | ||
| 653 | |a Lịch sử | ||
| 942 | |2 ddc |c STK0 | ||
| 999 | |c 2198 |d 2198 | ||
| 952 | |0 0 |1 0 |2 ddc |4 0 |6 332_495970000000000_Đ450V |7 1 |8 300 |9 30399 |a qbu |b qbu |c D2 |d 2014-12-12 |g 28000 |o 332.49597 Đ450V |p 4194.C1 |r 0000-00-00 |w 2014-12-12 |y STK0 |0 0 |6 332_495970000000000_Đ450V | ||
| 952 | |0 0 |1 0 |2 ddc |4 0 |6 332_495970000000000_Đ450V |7 0 |8 300 |9 30400 |a qbu |b qbu |c D2 |d 2014-12-12 |g 28000 |o 332.49597 Đ450V |p 4194.C2 |r 0000-00-00 |w 2014-12-12 |y STK0 |0 0 |6 332_495970000000000_Đ450V | ||